Legge e regolamenti per l'ordinamento del personale addetto alla custodia degli stabilimenti carcerari ed articoli dei codici, penale e di procedura penale relativi alla custodia dei detenuti. (Record no. 179301)

MARC details
000 -LEADER
campo de control de longitud fija 00652nam a2200157 i 4500
001 - NÚMERO DE CONTROL
campo de control 179301
003 - IDENTIFICADOR DE NÚMERO DE CONTROL
campo de control ES-MaACL
005 - FECHA Y HORA DE LA ÚLTIMA TRANSACCIÓN
campo de control 20230906220737.0
008 - DATOS DE LONGITUD FIJA--INFORMACIÓN GENERAL
campo de control de longitud fija 111025s1873 it l |||| | ita d
245 00 - MENCIÓN DEL TÍTULO
Título Legge e regolamenti per l'ordinamento del personale addetto alla custodia degli stabilimenti carcerari ed articoli dei codici, penale e di procedura penale relativi alla custodia dei detenuti.
260 ## - PUBLICACIÓN, DISTRIBUCIÓN, ETC.
Lugar de publicación, distribución, etc. Roma :
Nombre del editor, distribuidor, etc. [s.n.],
Fecha de publicación, distribución, etc. 1873.
300 ## - DESCRIPCIÓN FÍSICA
Extensión 88 p. ;
Dimensiones 25 cm.
650 #4 - PUNTO DE ACCESO ADICIONAL DE MATERIA--TÉRMINO DE MATERIA
Término de materia o nombre geográfico como elemento de entrada Establecimientos penitenciarios-
Subdivisión general Personal.
9 (RLIN) 150562
650 #4 - PUNTO DE ACCESO ADICIONAL DE MATERIA--TÉRMINO DE MATERIA
Término de materia o nombre geográfico como elemento de entrada Establecimientos penitenciarios-
Subdivisión geográfica Italia.
9 (RLIN) 141897
852 ## - LOCALIZACIÓN
Ubicación ES-MaACL
Número de control de estantería D-89(7)
Nota libre .- Donativo Lastres
Holdings
Estatus retirado Estado de pérdida Estado de daño No para préstamo Colección Biblioteca de origen Biblioteca actual Ubicación en estantería Fecha de adquisición Fuente de adquisición Total de préstamos Signatura topográfica completa Código de barras Visto por última vez Precio de reemplazo Tipo de ítem Koha
        Libros del s. XIX Biblioteca del Ateneo de Madrid Biblioteca del Ateneo de Madrid Sala Valle Inclán 25/10/2011     D-89(7) 901188358 23/02/2023 23/02/2023 Libro impreso antiguo